[Event "HUN-ch Gr B"]
[Site "Balatonlelle"]
[Date "2002.06.04"]
[Round "4"]
[White "Farago, Ivan"]
[Black "Acs, Peter"]
[Result "0-1"]
[WhiteElo "2506"]
[BlackElo "2529"]
[Annotator "Ribli,Z"]
[PlyCount "90"]
[EventDate "2002.06.01"]
[EventType "tourn"]
[EventRounds "5"]
[EventCountry "HUN"]
[EventCategory "12"]
[SourceTitle "CBM 090"]
[Source "ChessBase"]
[SourceDate "2002.09.20"]
[SourceVersion "1"]
[SourceVersionDate "2002.09.20"]
[SourceQuality "1"]

1. c4 Nf6 2. Nf3 e6 3. Nc3 d5 4. e3 {Eine etwas genügsame Fortsetzung -
normalerweise spielt man 4.d4. Vermutlich wollte GM Farago mit dem Textzug die
Wiener Variante des Damengambits (nach 4...dxc4) umgehen.} Be7 (4... c5) 5. b3
O-O 6. Bb2 c5 (6... b6) 7. cxd5 exd5 {Das Zurückschlagen mit dem Bauern ist
nicht schlecht, aber die Alternative 7...Nd5 ist sicherer.} (7... Nxd5 $5 8.
Be2 Nc6 9. O-O Bf6 10. Qb1 (10. Rc1 b6 11. d4 Nxc3 12. Rxc3 Bb7 13. Rd3 cxd4
14. Nxd4 Nxd4 15. Bxd4 Ba6 16. Bxf6 Qxf6 17. Rd7 Bxe2 18. Qxe2 Rfd8 {1/2-1/2
Teske,H-Sinkovics,P/Budapest 1991/CBM 26 ext (32)}) 10... Nxc3 11. Bxc3 e5 12.
Bd3 g6 13. Be4 Re8 14. d3 Qd6 15. Nd2 Bd7 16. a3 Rac8 17. Rc1 b5 18. b4 a6 19.
Bf3 Bf5 {0-1 Ivanov,J-Korneev,O/Ubeda 2000/CBM 75 (43)}) 8. d4 Nc6 9. Be2 {
Durch Zugumstellung haben wir eine Stellung erreicht, die für die
Tarrasch-Verteidigung typisch ist. Allerdings ist der Aufbau mit g3-Bg2 in der
Tarrasch-Verteidigung für Weiß vorzuziehen.} Ne4 {[%cal Ge7f6,Gf6a1]} (9...
cxd4 10. Nxd4 Ne4 (10... Bd6 11. O-O Re8 12. Rc1 Nxd4 13. Qxd4 Be5 14. Qd2 Bf5
(14... d4 15. Rcd1) 15. Rfd1 Rc8 16. Bb5 Bd7 17. Bd3 Qa5 18. Rc2 h6 19. Ne2 {
1-0 Tal,M-Inkiov,V/Jurmala 1985/MCD (54)}) 11. Nxc6 bxc6 12. Nxe4 dxe4 13. O-O
Be6 14. Qc2 Bd5 15. Rfd1 Bd6 16. Qc3 Qg5 {0-1 Benjamin,J-Acosta,M/Columbus
1977/EXT 99 (50)}) (9... b6 10. O-O Bb7 11. Rc1 (11. dxc5 bxc5 12. Rc1 Rc8 13.
Na4 Nb4 14. Bxf6 Bxf6 15. Rxc5 Qd6 16. Rxc8 Rxc8 17. Nd4 Nxa2 18. Qd2 Nb4 {
0-1 Majzik,L-Nguyen Anh Dung/Budapest 1999/CBM 68 ext (29)}) 11... Ne4 12. dxc5
Nxc3 13. Bxc3 bxc5 14. Qd2 Qd6 15. Rfd1 Rfd8 16. Qb2 Qg6 17. Bd3 Qh6 18. Bf5
Bf8 19. Bh3 {1-0 Slapak,Z-Kovarik,O/SVK 1998/EXT 2000 (38)}) 10. dxc5 (10. O-O
Bf6 11. Na4 Bg4 12. Rc1) 10... Bf6 (10... Nxc3 11. Bxc3 Bxc5 12. O-O $14) (
10... Qa5 11. Rc1 Bf6 12. Nd4 $14) 11. Nd4 (11. Rc1 $5) 11... Nxc5 {Schwarz
hat jetzt einen Isolani auf d5. Dafür droht er nun 12...Nxd4 mit Herbeiführung
einer symmetrischen Bauernstruktur.} 12. Nxc6 (12. O-O Nxd4 13. exd4 Ne6 14.
Bf3 Nxd4 15. Bxd5 $11) 12... bxc6 {Diese Bauernstruktur ist sehr typisch für
die Tarrasch-Verteidigung. Der zuvor noch isolierte Pd5 erfährt nun
Unterstützung durch den Pc6. Die weiße Bauernstruktur ist jedoch sicherer.
Dafür besitzt Schwarz das aktivere Figurenspiel.} 13. O-O Bf5 14. Rc1 $14 {
[%cal Gc1c6][%mdl 32] Weiß hat die bessere Bauernstruktur und bekommt
Initiative am Damenflügel.} Re8 15. Ba1 (15. Ba3 $5 Qa5 (15... Ne6 16. Na4 $14
{[%csl Yc5][%cal Ga4c5,Gc1c6]}) 16. Bxc5 Qxc5 (16... Bxc3 17. Bd3 $1 Bxd3 (
17... Qxc5 18. Bxf5 $16) 18. Qxd3 Be5 (18... Qxc5 19. Qxc3 (19. Rxc3 $14) 19...
Qxc3 20. Rxc3 $14) 19. Rc2 $14) 17. Nb5 Qe7 (17... Qb6 18. Nd6 {[%cal Rd6e8,
Rd6f5]} Re5 19. Nxf5 Rxf5 20. Qc2 $16 {[%cal Rc1c6,Rc2f5]}) 18. Rxc6 $16) 15...
d4 $11 {Schwarz aktiviert seine Leichtfiguren.} 16. exd4 Bxd4 (16... Qxd4 17.
Qxd4 (17. Bf3 $14) 17... Bxd4 18. Bf3 $14) 17. Na4 (17. Bf3 $2 Nd3 18. Bxc6
Nxf2 19. Rxf2 (19. Qf3 Bg4 20. Qd5 Ne4+ 21. Kh1 Ng3+ 22. hxg3 Re6 $19 {[%csl
Gd4,Rh1][%cal Re6h6,Rh6h1,Gd4g1]}) 19... Bxf2+ 20. Kxf2 Qb6+ $19 {[%cal Rb6f2,
Rb6c6]}) 17... Bxa1 (17... Ne6 $5 18. Bg4 (18. Rxc6 $2 Bxa1 19. Qxa1 (19. Qxd8
Nxd8 $19) 19... Nd4 $19) 18... Bxg4 19. Qxg4 Bxa1 20. Rxa1 Qf6 $11 {Der Pc6
scheint schwach, andererseits hat Schwarz gutes Figurenspiel. Momentan hat er
die positionelle Drohung 21...Nd4.}) 18. Rxc5 $14 {[%csl Gc5][%cal Rc5c6,Rc5f5]
Schwarz besitzt zwar das Läuferpaar, aber jetzt hängen der Ba1, der Bf5 und
der Pc6.} Rxe2 (18... Qxd1 19. Bxd1 Be5 (19... Bd3 20. Be2 $8 Rxe2 21. Rxa1
Rae8 (21... Bb5 22. Nc3 Rc2 23. a4 $16) 22. h3 Kf8 (22... Re1+ 23. Rxe1 Rxe1+
24. Kh2 Re2 25. Rxc6 g6 26. Nc5 Bf5 27. a3 Rxf2 28. Ra6 $18) 23. Rxc6 Bb5 24.
Rc7 Bxa4 25. bxa4 Re1+ 26. Rxe1 Rxe1+ 27. Kh2 Re2 28. Kg3 Rxa2 29. Rxa7 $14 {
[%cal Ga2a7,Ga2g2] Bei guter Verteidigung kann Schwarz dieses Endspiel retten.}
) 20. Bf3 $14) 19. Qxe2 Bd3 20. Qf3 (20. Qd1 Bxf1 21. Qxd8+ (21. Qxa1 Bb5 22.
Nb2 (22. Nc3 Qd4 $36 {[%csl Gd4]}) 22... Qf6 23. Qc1 Re8 24. Rc2 $11) 21...
Rxd8 22. Kxf1 $14) 20... Bxf1 21. Kxf1 {[%csl Rc6] Durch Vereinfachungen haben
wir eine Stellung erreicht, in der Weiß ohne Risiko weiterspielen kann. Der
gegnerische Pc6 ist eine ewige Schwäche.} Rc8 22. g3 (22. Rxc6 $4 Rxc6 23. Qxc6
Qd1#) 22... Qd7 23. Kg2 g6 (23... Bd4 24. Rc4 c5 25. Nc3 $14) 24. Rc2 Bg7 (
24... Bd4 25. Nc5 $14) 25. Nc5 Qd5 26. Nd3 (26. Qxd5 cxd5 27. b4 $14) 26... Qd6
(26... Qxf3+ 27. Kxf3 $14) 27. Rc4 h5 28. Nb4 c5 29. Qd5 (29. Nd5 $14) 29...
Qb6 (29... Qxd5+ $2 30. Nxd5 {[%csl Gd5] Droht 31.Ne7+ und 31.b4.} Kf8 (30...
Kh7 31. b4 Bd4 32. bxc5 Bxc5 33. Nf6+ Kg7 34. Nd7 $18) 31. b4 Bd4 32. bxc5 Bxc5
33. Nf6 $18 {[%cal Rf6d7,Rd7f8,Rd7c5,Gc4c8]}) 30. Nd3 (30. Qe4 $14) 30... Rd8
31. Qe4 Bd4 (31... Rd4 $5 32. Qe8+ Bf8 (32... Kh7 33. Rxd4 cxd4 34. Qxf7 $16)
33. Ne5 Qb7+ 34. Kh3 $14) 32. Nf4 {[%cal Gf4d5]} Qf6 33. Rc2 a5 $6 {Schwarz
schwächt - freiwillig - seine Stellung.} (33... h4 $5 $14) 34. Nd5 Qd6 35. Ne7+
Kf8 36. Nc6 {[%csl Gc6] Dem weißen Springer bieten sich viele Möglichkeiten,
der schwarze Läufer hingegen ist hier eine passive Figur.} Re8 37. Qf3 $16 g5 {
Guter Rat ist hier schon teuer - Schwarz versucht, mittels g5-g4 noch ein
wenig im Trüben zu fischen.} (37... a4 38. Nxd4 (38. bxa4 Bf6 $132) 38... cxd4
(38... Qxd4 39. Rc4 $16 {[%cal Rc4a4,Rc4d4]}) 39. Rc6 {[%cal Gf3f8,Gc6g6]} Qd7
40. Rxg6 $16) 38. Nxa5 g4 39. Qc6 Qe5 (39... Qxc6+ 40. Nxc6 $16 {[%csl Ga2]})
40. Nc4 {[%csl Gc4]} Qg5 41. Nd6 Re6 42. Qa8+ Kg7 (42... Ke7 43. Nb5 h4 44.
Nxd4 h3+ 45. Kf1 cxd4 46. Qa7+ $18) {[#]} 43. Nb5 $4 {[%mdl 8192]} (43. Qh8+ $1
{Mit diesem schönen Damenzug konnte Weiß die Partie leicht gewinnen. - Mit
einem ähnlichen Motiv gewann Weiß auch in der 10. Wettkampfpartie des
WM-Matches Petrosian, T - Spassky, B 1966 in Moskau.} Kxh8 44. Nxf7+ Kg7 45.
Nxg5 $18) 43... h4 $19 {[%csl Rg2][%cal Gh4h3,Gh3g2] Mit einem Male befindet
sich der weiße König im Mattnetz.} 44. Kf1 (44. Nxd4 h3+ 45. Kf1 cxd4 $19 {
Die toedliche schwarze Drohungen sind - 46...d3 und 46...Qe5.}) 44... h3 45. f4
Qf5 {[%csl Rf1][%cal Rf5d3,Rd3f1,Rf5c2]} 0-1

[Event "Bern op"]
[Site "Bern"]
[Date "1992.??.??"]
[Round "6"]
[White "Barbero, Gerardo F"]
[Black "King, Daniel J"]
[Result "0-1"]
[WhiteElo "2485"]
[BlackElo "2505"]
[Annotator "Ribli,Z"]
[PlyCount "78"]
[EventDate "1992.02.??"]
[EventType "swiss"]
[EventRounds "9"]
[EventCountry "SUI"]
[SourceTitle "CBM 028"]
[Source "ChessBase"]
[SourceDate "1992.06.01"]
[SourceVersion "1"]
[SourceVersionDate "1992.06.01"]
[SourceQuality "1"]

1. Nf3 Nf6 2. c4 e6 3. g3 a6 4. Bg2 b5 5. b3 c5 6. O-O Bb7 7. Nc3 Qb6 8. e3 d6
(8... d5 $6 9. cxd5 exd5 10. Bb2 (10. d4 $1 Nbd7 11. Ne5 $14) 10... Nbd7 11.
Rc1 Be7 12. d3 O-O 13. Ne2 Rfe8 14. Rc2 a5 $13 {Ribli,Z-Kortschnoj,V Barcelona
WCup 1989 CBM/12  47/10}) (8... Be7 9. Qe2 (9. d4 $5 Ne4 10. Bb2 O-O 11. dxc5
Bxc5 12. Qc2 $14 {Ribli,Z-Kindermann,S Munich 1989  CBM/13 45/10}) 9... O-O 10.
Rd1 Bc6 $5 11. d4 b4 12. Na4 Bxa4 13. bxa4 cxd4 14. exd4 Nc6 15. d5 Na5 16. Bb2
Rac8 17. Rac1 Nb7 18. Ne5 Nc5 $13 {Stangl,M-Fauland,A Altensteig 1991 CBM/25})
9. Qe2 (9. d4 $5) 9... b4 10. Na4 Qc7 11. d4 Be7 12. Bb2 Nbd7 13. Nd2 (13. Rfd1
$5 O-O 14. dxc5 dxc5 15. Ne1 $14 {Van der Sterren,P-Nikolic,Pr Wijk aan Zee
1988 CBM/05  45/(10)}) 13... Bxg2 14. Kxg2 O-O 15. e4 cxd4 16. Bxd4 Rfd8 17.
Rad1 (17. Rfd1 $5 $14) 17... Qb7 18. Kg1 e5 19. Ba1 Nb6 20. Nb2 (20. Nxb6 Qxb6
21. Rfe1 a5 22. Nf1 a4 23. Ne3 $14) 20... a5 21. Nd3 Nbd7 22. c5 $5 Nxc5 23.
Nxc5 dxc5 24. Bxe5 Nd7 $1 (24... a4 25. Bxf6 $1 Bxf6 26. e5 Be7 27. Nc4 $14)
25. Bb2 Nb6 26. e5 $6 (26. Nc4 $5) 26... Qc6 $1 27. Nc4 Nxc4 28. Qxc4 Qf3 $1
29. Rde1 Qd5 30. Qg4 Qe6 $1 31. Qe4 a4 32. Re3 Rac8 33. Qc2 a3 34. Bc1 c4 35.
Qe2 cxb3 36. Rxb3 Qc4 37. Qe3 Qc2 38. e6 Rd1 39. exf7+ Kf8 0-1

[Event "EU-Cup 14th final"]
[Site "Belgrade"]
[Date "1999.01.12"]
[Round "2"]
[White "Gurevich, Mikhail"]
[Black "Piket, Jeroen"]
[Result "1/2-1/2"]
[WhiteElo "2629"]
[BlackElo "2609"]
[Annotator "Ribli,Z"]
[PlyCount "83"]
[EventDate "1999.01.11"]
[EventType "team-k.o."]
[EventRounds "3"]
[EventCountry "YUG"]
[SourceTitle "EXT 2020"]
[Source "ChessBase"]
[SourceDate "2019.10.17"]
[SourceVersion "1"]
[SourceVersionDate "2019.10.17"]
[SourceQuality "1"]
[WhiteTeam "Breda Panfox"]
[BlackTeam "Sarajevo Bosna"]
[WhiteTeamCountry "NED"]
[BlackTeamCountry "BIH"]

1. c4 e6 2. g3 d5 3. Bg2 Nf6 (3... dxc4 $5) 4. Nf3 dxc4 {Schwarz nimmt den
Bauern und es kostet Weiß Zeit, ihn zurückzugewinnen, während Schwarz die
Entwicklung beenden kann. Ribli.} 5. Qa4+ Nbd7 6. Qxc4 c5 7. Qb3 {Mit diesem
prophylaktischen Zug verhindert Weiß 7...b6, wonach 8.Nd4 oder 8.Ne5
unangenehm wäre, denn Schwarz kann nicht mit 8...Ne5 die Dame angreifen.} Rb8
8. d3 {[%cal Rc1f4,Rf4b8]} Bd6 9. a4 {Weiß verhindert den Zug 9...b5 und
bereitet das Feld c4 für den Springer vor.} (9. Nc3 a6 10. Ng5 b5 11. O-O Qb6
12. Nce4 Nxe4 13. Nxe4 O-O $11) 9... b6 10. Na3 a6 11. Nc4 {[%csl Gc4]} (11.
O-O {[#]} Bb7 12. Nc4 Bc7 13. Bd2 O-O 14. Qc2 (14. Rfc1 Qe7 15. Qa3 (15. Qd1
Rfe8 $6 (15... Rfc8 $1 $11) 16. Qe1 Nd5 17. e4 Nb4 18. Bxb4 cxb4 $14 {1-0
Rotstein,A-Hauchard,A/Paris (08) 1994}) 15... b5 16. axb5 (16. Ba5 Bxa5 17.
Nxa5 Bd5 18. axb5 axb5 19. e4 Ba8 20. Qc3 Rfc8 $11 {Nielsen,PH-Svistunov,K/
Pinsk/1993/CBM38/}) 16... axb5 17. Ne3 Nd5 18. d4 Bd6 19. Qd3 c4 20. Qc2 N7f6
21. Nd1 Rfc8 22. e4 Nb4 23. Bxb4 Bxb4 24. e5 Nd5 25. h4 h6 {0-1 Spassov,
L-Berovski,K/Sofia 1996/EXT 99/[Bulletin] (39)}) 14... Qe7 15. e4 (15. b4 cxb4
16. Rab1 Nd5 17. e4 Nc3 18. Bxc3 bxc3 19. Qxc3 Rfc8 20. Rfe1 Ba8 21. Qb3 Nc5
22. Qa3 Qd7 23. Nb2 Bd6 24. Qa2 b5 25. axb5 axb5 26. Rbd1 Na4 {0-1 Poldauf,
D-Ekstroem,R/Geneve op 1995/EXP 46 (56)}) 15... Rfc8 $1 (15... h6 16. Rfe1 Rfd8
17. Rab1 b5 18. axb5 axb5 19. Na5 Ba8 20. b4 Bb6 21. h3 Rdc8 22. Qa2 cxb4 23.
Bxb4 Qd8 24. Nb3 Qc7 25. Nfd4 Ne5 {1/2-1/2 Poldauf,D-Ribli,Z/GER-CupT 1993/BIG
90 (48)}) 16. Qb1 b5 17. axb5 axb5 18. Na5 Ba8 19. Re1 Bb6 20. b4 c4 21. d4 c3
$36 22. Bf4 Bxe4 $1 23. Rxe4 c2 $17 {1/2-1/2 Poldauf,D-Schlosser,P/BL9798
Passau-Empor Berlin 1998/BL9798 (31)}) 11... Bc7 12. Ng5 $146 {[#]Ähnliche
Motive kennen wir aus anderen Varianten, z.B. 9.Nc3 , aber in dieser Stellung
ist der Zug neu.} (12. Bd2 O-O 13. O-O Bb7 14. Rfc1 Qe7 {Siehe 11.0-0}) 12...
h6 (12... O-O $5 13. Bd2 $11) 13. Ne4 Nxe4 14. Bxe4 O-O 15. O-O Nf6 $11 {
Der weiße Springer steht gut auf c4, aber im folgenden bereitet Schwarz den
Bauernzug ...b6-b5 vor, nach dem der Springer weichen muß.} 16. Bg2 Qd7 {
Sofortiges 16...Bb7 geht nicht, Schwarz muß das vorbereiten.} (16... Bb7 $2 {
Dieser natürlicher Zug wäre ein bekannter Fehler.} 17. Bxb7 Rxb7 18. Na5 $18 {
[%csl Yc6][%cal Ra5b7]} Rb8 (18... Ra7 19. Nc6 {[%cal Rc6a7,Rc6d8]}) 19. Nc6 {
[%cal Rc6b8,Rc6d8]}) 17. Rd1 Rd8 (17... Bb7 18. Bxb7 Rxb7 $11) 18. Bd2 Bb7 {
Mit diesem Zug tauscht Schwarz den wichtigen weißen Läufer in der langen
Diagonalen.} 19. Bxb7 Rxb7 20. Bc3 Nd5 21. Be1 (21. e4 $5 Nxc3 22. bxc3 {
[%csl Gc4]}) 21... b5 22. axb5 axb5 {Der c4-Springer hängt zwar noch nicht,
aber früher oder später muß er ziehen.} 23. Nd2 Bb6 24. Ne4 {[%csl Ge4] Der
Springer kontrolliert den c5-Bauern, der eine kleine Schwäche im Lager des
Nachziehenden darstellt.} Rc8 (24... Ra7 25. Rxa7 Bxa7 26. Ra1 $11) 25. Qc2 Ra7
(25... f5 26. Nc3 $11) 26. Rxa7 Bxa7 (26... Qxa7 $2 27. Nd6 $16 {[%cal Rd6c8,
Rd6b5]}) 27. b3 {Weiß verhindert sofortige Vereinfachungen mit 27...c4.} Bb6
28. Rc1 Rc7 29. Qb2 f6 (29... f5 $5) 30. Rc2 f5 31. Nc3 Nb4 $5 (31... Nxc3 32.
Bxc3 {[%cal Gc3e5]}) 32. Rc1 Ra7 {[%cal Ga7a1]} 33. Bd2 e5 {Schwarz hat
Raumvorteil, aber die weiße Stellung ist fest und weist keine Schwächen auf.}
34. Ra1 Rxa1+ 35. Qxa1 e4 $13 {[%cal Gd7d2]} (35... Qc6 $5 {Mit diesem Zug
kann Schwarz ein Eindringen der Dame wie in der Partie verhindern.} 36. Nd1 Bc7
37. Bxb4 cxb4 38. Ne3) 36. Qa8+ Kh7 37. Qb8 {[%cal Rb8b6] [#]} exd3 $1 {
[%mdl 576]} (37... Ba7 38. Qxb5 $16) 38. Qxb6 (38. exd3 Nxd3 (38... Qc6) 39.
Qxb6 Qd4 {[%csl Rg1][%cal Rd4f2]} 40. Be3 (40. Nd1 Qa1 $19 {[%csl Rg1][%cal
Ra1d1]}) 40... Qxc3 41. Qxb5 $11) 38... dxe2 {[%csl Ge2][%cal Rd7d2]} 39. Qxc5
(39. Be1 Qd1 40. Nxd1 exd1=Q $19 {[%csl Re1]}) 39... Qxd2 40. Qxf5+ Kh8 41.
Nxe2 (41. Qf8+ Kh7 42. Qf5+ $11) 41... Nd3 $11 {[%csl Gd2,Gd3][%cal Rd2e2] Das
Zusammenspiel von Springer und Dame garantiert dem Schwarzen den Ausgleich.
Weiß kann nicht gleichzeitig den e2-Springer halten und den Punkt f2
verteidigen, so daß er Dauerschach geben muß.} (41... Qxe2 42. Qf8+ Kh7 43.
Qxb4 $16) 42. Qf8+ (42. Qf8+ Kh7 43. Qf5+ $11) (42. Qf3 $4 Qd1+ 43. Kg2 Ne1+
$19 {[%cal Re1f3,Ge1g2]}) 1/2-1/2

[Event "Dhaka"]
[Site "Dhaka"]
[Date "1995.??.??"]
[Round "10"]
[White "Serper, Grigory"]
[Black "Rahman, Ziaur"]
[Result "1/2-1/2"]
[WhiteElo "2585"]
[BlackElo "2445"]
[Annotator "Ribli,Z"]
[PlyCount "94"]
[EventDate "1995.??.??"]
[EventType "tourn"]
[EventRounds "13"]
[EventCountry "BAN"]
[EventCategory "9"]
[SourceTitle "CBM 048"]
[Source "ChessBase"]
[SourceDate "1995.10.01"]
[SourceVersion "1"]
[SourceVersionDate "1995.10.01"]
[SourceQuality "1"]

1. c4 e6 2. g3 d5 3. Bg2 dxc4 4. Qa4+ c6 {Shirov's Idee. Schwarz will erst
seinen Damenfluegel entwickeln.} 5. Qxc4 b5 6. Qc2 (6. Bxc6+ $2 {Die Annahme
des Bauernopfers fuehrt zum Vorteil fuer Schwarz.} Nxc6 7. Qxc6+ Bd7 8. Qc2 Rc8
9. Qd1 Bc6 10. f3 (10. Nf3 g5 $1) 10... Nf6 $17 {Shirov}) 6... Bb7 7. Nf3 (7.
d3 Nf6 8. Nc3 a6 9. a4 Be7 10. Nf3 Nbd7 11. O-O O-O $10 {Kortschnoj,V-Shirov,A/
Biel/1992/CBM31/INF55,09/}) (7. a4 a6 8. Nc3 Nd7 9. axb5 axb5 10. Rxa8 Qxa8 11.
Nf3 Ngf6 12. O-O Be7 $10 {Bareev,E-Shirov,A/Madrid/1994/CBM41/INF60,12/}) 7...
Nf6 8. O-O Be7 9. b3 O-O 10. Bb2 Nbd7 11. d3 (11. Nc3 a6 12. Ne4 Nxe4 13. Qxe4
Rb8 $10 {Makarov,M-Novikov,I/St.Petersburg op/1995/EXP46/}) 11... Rc8 (11... c5
12. Nbd2 Qb6 13. Rac1 Rac8 14. Qb1 Rfd8 15. Qa1 a6 $10 {Horvath,J-Matlak,M/
Oderheiu zt/1995/CBM47/}) 12. Nbd2 Nd5 13. a3 a6 14. Rac1 (14. e4 N5f6 15. d4
c5 $1 $13 {Das weisse Bauerzentrum wird nicht stark, sondern es ist nur ein
guter Angriffsziel fuer den Nachziehenden.}) 14... c5 15. Qb1 Bf6 (15... Qb6
16. Qa1 Bf6 $10) 16. Rc2 Bxb2 17. Qxb2 Qb6 18. Rfc1 Rc7 19. Ne5 $5 {Die
einzige Moeglichkeit ist fuer Weiss gegen den c5B zu spielen.} Nxe5 20. Qxe5 f6
(20... Rfc8 21. h4 f6 22. Qb2 {Fuehrt auch zur Partiefortsetzung.}) 21. Qb2
Rfc8 22. h4 Ne7 23. Bxb7 Qxb7 24. Ne4 Qd5 25. b4 $1 {Sonst kommt Schwarz mit
Nf5-Nd4 und dann steht er schon bequemer.} c4 26. Nc5 cxd3 27. Rd2 $1 Qf5 28.
Rxd3 $14 {Weiss hat einen starken Nc5 und besitzt die d-Linie, deswegen steht
Serper besser.} a5 $1 {Schwarz soll die Position des weissen N abschwaechen.}
29. Rcd1 axb4 30. axb4 Nc6 {Droht /\ Nxb4.} 31. Qb3 Re8 (31... Nxb4 $2 32. Nxe6
Rc4 33. Rd8+ Rxd8 34. Rxd8+ Kf7 35. Nd4 Qh5 36. Nxb5 Qxb5 37. Rd4 $18) 32. Rd7
{Sieht sehr gefaehrlich aus, auch 32.Rd6!? kommt in Betracht.} Rxd7 33. Rxd7
Qg4 $1 (33... Rd8 $2 34. e4 $1 Qe5 35. Rxd8+ Nxd8 36. Qd3 $18) 34. Rd6 Nd4 (
34... Qxb4 $2 35. Rxc6 Qxb3 36. Nxb3 $18) (34... Nxb4 $2 35. e4 $1 $18) 35. Qd3
e5 {Schwarz verteidigt sich bis zum Aeussersten.} (35... Nxe2+ 36. Kf1 Nc1 (
36... Qxb4 37. Rd8 $1 Rxd8 38. Qxd8+ Kf7 39. Qd7+ Kg6 40. Nxe6 $16) 37. Qxb5
$16) 36. e3 Nf3+ 37. Kf1 h5 (37... Qxb4 $2 38. Qd5+ Kh8 39. Rd8 $18) 38. Qe4 (
38. Qxb5 $5 Ra8 $1 39. Na6 Kh7 $14 {Weiss hat einen P mehr, aber Schwarz hat
wegen seiner aktiven Figuren sehr gute Rettungschancen.} (39... Nh2+ 40. Kg2
Qf3+ 41. Kxh2 Qxf2+ 42. Kh3 Qf3 43. Qc6 Qg4+ 44. Kh2 Qe2+ 45. Qg2 $18)) 38...
f5 39. Qxg4 hxg4 40. e4 f4 41. gxf4 exf4 42. Ne6 Ra8 $1 (42... Nxh4 43. Nxf4
Rxe4 44. Nd3 $10) 43. Rd8+ (43. Nxf4 $4 Ra1+ 44. Ke2 (44. Kg2 Rg1#) 44... Re1+
45. Kd3 Rd1+ $19) 43... Rxd8 44. Nxd8 Nd2+ 45. Ke2 $2 (45. Kg2 $1 Nxe4 46. f3
Nf6 47. Ne6 $10) 45... Nxe4 46. f3 Nf6 $2 (46... Nc3+ $1 47. Kf1 g3 48. Ne6 Nd5
49. Nd4 Nxb4 50. Nxb5 Nd5 $17) 47. Ne6 gxf3+ 1/2-1/2

[Event "Altensteig"]
[Site "Altensteig"]
[Date "1992.??.??"]
[Round "3"]
[White "Ribli, Zoltan"]
[Black "Romanishin, Oleg M"]
[Result "1-0"]
[WhiteElo "2610"]
[BlackElo "2555"]
[Annotator "Ribli,Z"]
[PlyCount "57"]
[EventDate "1992.07.??"]
[EventType "tourn"]
[EventRounds "11"]
[EventCountry "GER"]
[EventCategory "11"]
[SourceTitle "CBM 031"]
[Source "ChessBase"]
[SourceDate "1992.12.01"]
[SourceVersion "1"]
[SourceVersionDate "1992.12.01"]
[SourceQuality "1"]

1. Nf3 Nf6 2. c4 e6 3. g3 a6 4. Bg2 b5 5. b3 c5 $1 (5... Bb7 6. Nc3 $14) 6. Nc3
Qa5 (6... Qb6 7. O-O Bb7 8. e3 d6 9. Qe2 b4 10. Na4 $14 {Barbero,G-King,D Bern
1992 CBM/28}) 7. O-O (7. Ne5 $5 Ra7 8. cxb5 axb5 9. a4 Bb7 10. O-O Bxg2 11.
Kxg2 d6 12. Nf3 Rb7 13. Qc2 $14 {Stangl,M-Romanischin,O Dortmund-B 1991 CBM/13}
) 7... Bb7 8. Bb2 Be7 9. Qc2 $5 (9. d3 O-O 10. Qd2 Qb6 $5 $14 {Damljanovic,
B-Romanishin,O Vrsac 1989 CBM/15} (10... Nc6 $1 $10)) 9... Nc6 10. a3 bxc4 $1
11. bxc4 Rb8 12. e3 O-O 13. Ne2 h6 14. h3 Qc7 15. Nf4 d6 16. Rab1 Nd8 $6 (16...
Ba8 $1 $10) 17. d3 e5 18. Ne2 Qd7 19. Nd2 Bxg2 20. Kxg2 Ne6 21. Ne4 Nh7 $6 (
21... d5 $1 $10) 22. N4c3 f5 23. Nd5 Nf6 24. f4 $1 $14 Nxd5 (24... Qc6 25. e4
$1) 25. cxd5 Qb7 $2 26. e4 $1 fxe4 27. dxe4 Qb3 28. Qxb3 Rxb3 29. Nc1 $1 1-0